MALAYSIA DARI SEGI SEJARAH / (Record no. 188822)

MARC details
000 -LEADER
fixed length control field 01010nas a2200301 4500
005 - DATE AND TIME OF LATEST TRANSACTION
control field 20230614153911.0
008 - FIXED-LENGTH DATA ELEMENTS--GENERAL INFORMATION
fixed length control field 050106c19819999my ar0p 0 a0may d
022 ## - INTERNATIONAL STANDARD SERIAL NUMBER
International Standard Serial Number 0377-7529
040 ## - CATALOGING SOURCE
Original cataloging agency PPAK
Language of cataloging eng
Transcribing agency PPAK
Description conventions rda
082 04 - DEWEY DECIMAL CLASSIFICATION NUMBER
Edition number 23
Classification number 959.505
090 00 - LOCALLY ASSIGNED LC-TYPE CALL NUMBER (OCLC); LOCAL CALL NUMBER (RLIN)
Classification number (OCLC) (R) ; Classification number, CALL (RLIN) (NR) 959.505
Local cutter number (OCLC) ; Book number/undivided call number, CALL (RLIN) MAL
Feature heading KMI
Classification number (OCLC) (R) ; Classification number, CALL (RLIN) (NR) 959.505
Local cutter number (OCLC) ; Book number/undivided call number, CALL (RLIN) MAL
Feature heading KWS
245 00 - TITLE STATEMENT
Title MALAYSIA DARI SEGI SEJARAH /
246 31 - VARYING FORM OF TITLE
Title proper/short title Malaysia dari segi sejarah :
Remainder of title Jurnal Persatuan Sejarah Malaysia
264 #1 - PRODUCTION, PUBLICATION, DISTRIBUTION, MANUFACTURE, AND COPYRIGHT NOTICE
Place of production, publication, distribution, manufacture Kuala Lumpur :
Name of producer, publisher, distributor, manufacturer Persatuan Sejarah Malaysia,
Date of production, publication, distribution, manufacture, or copyright notice 1981
300 ## - PHYSICAL DESCRIPTION
Extent vi, 172 pages :
Other physical details illustrations ;
Dimensions 25 cm.
310 ## - CURRENT PUBLICATION FREQUENCY
Current publication frequency Annual
336 ## - CONTENT TYPE
Source rdacontent
Content type term text
337 ## - MEDIA TYPE
Source rdamedia
Media type term unmediated
338 ## - CARRIER TYPE
Source rdacarrier
Carrier type term volume
500 ## - GENERAL NOTE
General note Description based on No. 10 (1983)
General note Description based on No. 12 (1983)
651 ## - SUBJECT ADDED ENTRY--GEOGRAPHIC NAME
Geographic name Malaysia
Form subdivision History
General subdivision Periodicals
710 2# - ADDED ENTRY--CORPORATE NAME
Corporate name or jurisdiction name as entry element Persatuan Sejarah Malaysia
850 ## - HOLDING INSTITUTION
Holding institution PPAK KDN 0121/81 NOMBOR 10 1981
Holding institution PPAK KDN 0121/81 NOMBOR 12 1981
942 ## - ADDED ENTRY ELEMENTS (KOHA)
Source of classification or shelving scheme Dewey Decimal Classification
Koha item type Serial
Holdings
Withdrawn status Lost status Source of classification or shelving scheme Damaged status Not for loan Collection code Home library Current library Shelving location Date acquired Total Checkouts Full call number Barcode Date last seen Price effective from Koha item type Cost, normal purchase price Cost, replacement price
    Dewey Decimal Classification   Not For Loan RFID Perpustakaan Alor Setar Perpustakaan Alor Setar KMI 03/01/2023   KMI 959.505 MAL A00385566 03/01/2023 03/01/2023 Serial    
    Dewey Decimal Classification   Not For Loan RFID Perpustakaan Alor Setar Perpustakaan Alor Setar KWS 26/06/2023   KWS 959.505 MAL KWS000282 26/06/2023 26/06/2023 Serial 0.00 10.00